Journal for the study of peace and conflict

Detalles Bibliográficos
Autor Corporativo: Wisconsin Institute for Peace and Conflict Studies
Formato: Electrónico Seriadas
Lenguaje:inglés
Publicado: Stevens Point, Wis. : Wisconsin Institute for Peace and Conflict Studies, [1997]-
Materias:
Acceso en línea:Full text available from Research Library: 01/01/2009 to 01/31/2016

MARC

LEADER 00000nas a2200000 a 4500
001 ssj0000546785
003 WaSeSS
005 20200512172242.0
006 m d
007 cr n
008 050207c19989999wiuar ss 0 0eng c
010 |a  2005255035 
022 |y 1095-1962 
035 |a (WaSeSS)ssj0000546785 
037 |b Wisconsin Institute for Peace and Conflict Studies, 900 Reserve St., Stevens Point, Wisconsin 54481 
040 |a ZCU  |b eng  |c ZCU  |d OCLCQ  |d OCLCF  |d OCLCO  |d OCLCQ  |d U3W  |d WaSeSS 
042 |a pcc 
050 1 4 |a K10 
130 0 |a Journal for the study of peace and conflict (Online) 
245 1 0 |a Journal for the study of peace and conflict  |h [electronic resource]. 
260 |a Stevens Point, Wis. :  |b Wisconsin Institute for Peace and Conflict Studies,  |c [1997]- 
310 |a Annual 
362 1 |a Print began with 1997/1998. 
506 |a License restrictions may limit access. 
538 |a Mode of access: World Wide Web. 
588 |a Description based on: 1998/1999; title from caption (publisher's Web site, viewed Feb. 7, 2005). 
588 |a Latest issue consulted: 1999/2000 (viewed Feb. 7, 2005). 
650 0 |a Security, International  |v Periodicals. 
650 0 |a Peace  |v Periodicals. 
650 0 |a Military policy  |v Periodicals. 
650 7 |a Military policy.  |2 fast  |0 (OCoLC)fst01021386 
650 7 |a Peace.  |2 fast  |0 (OCoLC)fst01055758 
650 7 |a Security, International.  |2 fast  |0 (OCoLC)fst01110895 
655 0 |a Electronic journals. 
710 2 |a Wisconsin Institute for Peace and Conflict Studies. 
776 1 |t Journal for the study of peace and conflict  |x 1095-1962  |w (DLC) 98660055  |w (OCoLC)37497083 
856 4 0 |z Full text available from Research Library: 01/01/2009 to 01/31/2016  |u https://search.proquest.com/publication/506343